Sueños morales, visiones y visitas con D. Francisco de Quevedo por Madrid, Barca de Aqueronte y residencia infernal de Plutòn / (Record no. 166537)
[ view plain ]
| 000 -LEADER | |
|---|---|
| campo de control de longitud fija | 00969nam a22001935i 4500 |
| 001 - NÚMERO DE CONTROL | |
| campo de control | 166537 |
| 003 - IDENTIFICADOR DE NÚMERO DE CONTROL | |
| campo de control | ES-MaACL |
| 005 - FECHA Y HORA DE LA ÚLTIMA TRANSACCIÓN | |
| campo de control | 20250730063147.0 |
| 008 - DATOS DE LONGITUD FIJA--INFORMACIÓN GENERAL | |
| campo de control de longitud fija | 990203s1794 sp |||| | spa d |
| 040 ## - FUENTE DE CATALOGACIÓN | |
| Centro catalogador/agencia de origen | BA |
| Lengua de catalogación | spa |
| Centro/agencia transcriptor | BA |
| 100 1# - ENTRADA PRINCIPAL--NOMBRE DE PERSONA | |
| Nombre de persona | Torres Villarroel, Diego de, |
| Fechas asociadas al nombre | 1693-1770 |
| 9 (RLIN) | 111026 |
| 245 10 - MENCIÓN DEL TÍTULO | |
| Título | Sueños morales, visiones y visitas con D. Francisco de Quevedo por Madrid, Barca de Aqueronte y residencia infernal de Plutòn / |
| Mención de responsabilidad, etc. | trasladòlos desde la fantasia al papel el Dr. D. Diego de Torres Villarroel ... ; tomo II. |
| 260 ## - PUBLICACIÓN, DISTRIBUCIÓN, ETC. | |
| Lugar de publicación, distribución, etc. | Madrid : |
| Nombre del editor, distribuidor, etc. | en la Imprenta de la Viuda de Ibarra, |
| Fecha de publicación, distribución, etc. | 1794. |
| 300 ## - DESCRIPCIÓN FÍSICA | |
| Extensión | [8], IV, 379 p. ; |
| Dimensiones | 8°. |
| 596 ## - NOTA AL PIE DE IMPRENTA | |
| NOTA AL PIE DE IMPRENTA | Marca tip. en port. |
| 597 ## - NOTA DE DESCRIPCIÓN FÍSICA | |
| NOTA DE DESCRIPCIÓN FÍSICA | Sign. : *6, A-Z8, Aa6. |
| 852 ## - LOCALIZACIÓN | |
| Ubicación | ES-MaACL |
| Número de control de estantería | R-2207-21 |
| Nota libre | -- Enc. pasta española |
| Encuadernación | -- Edic.: según Palau es el T. II de la segunda edición de las "Obras" y debería tener IV p. al final, que éste ejemp. tampoco tiene. Olim: C-31414-28. |
| Estatus retirado | Estado de pérdida | Estado de daño | No para préstamo | Colección | Biblioteca de origen | Biblioteca actual | Ubicación en estantería | Fecha de adquisición | Total de préstamos | Signatura topográfica completa | Código de barras | Visto por última vez | Precio de reemplazo | Tipo de ítem Koha |
|---|---|---|---|---|---|---|---|---|---|---|---|---|---|---|
| Libros del s. XVIII | Biblioteca del Ateneo de Madrid | Biblioteca del Ateneo de Madrid | Depósito | 17/01/2008 | R-2207-21 | 1174667 | 23/02/2023 | 23/02/2023 | Libro impreso antiguo |
